Champions League Stadiums - Statistics

General Stats
  • This quiz has been taken 13 times
  • The average score is 10 of 16
Answer Stats
Club Stadium % Correct
Barcelona Camp Nou
100%
Chelsea Stamford Bridge
100%
Bayern Munich Allianz Arena
91%
Liverpool Anfield
91%
Manchester City Etihad Stadium
91%
Real Madrid Santiago Bernabéu
91%
Atletico Madrid Wanda Metropolitano
82%
Valencia Camp Mestalla
64%
PSG Parc des Princes
64%
Dortmund Signal Iduna Park
64%
RB Leipzig Red Bull Arena
55%
Juventus Allianz Stadium
45%
Napoli San Paolo Stadium
36%
Spurs Tottenham Hotspur Stadium
36%
Olympique Lyonnais Groupama Stadium
18%
Atalanta Stadio Atleti Azzurri d'Italia
9%
No matching quizzes found
Score Distribution
Percent of People with Each Score
Percentile by Number Answered
Your Score History
You have not taken this quiz